Shared Abbreviations Quiz Stats

 Plays Quiz Updated Aug 20, 2012

Challenge
Share
Tweet
Embed
Score 0/52 Timer 10:00
3 Plays Today
% Correct
CA
84%
California
81.6%
AL
81.1%
Alabama
78.6%
AR
72.2%
Arkansas
69.2%
CO
67.3%
Colorado
65%
NE
65%
GA
64.1%
MN
63.7%
Aluminum (Aluminium)
63.1%
Georgia
62.6%
Minnesota
60.1%
Nebraska
59.5%
LA
58.5%
IN
57%
PA
56.2%
Indiana
55.8%
Louisiana
55.5%
Argon
54.9%
Calcium
54%
Pennsylvania
53.9%
India
53.7%
SC
52.9%
South Carolina
51.6%
% Correct
MT
51.5%
Montana
50.7%
MD
50.2%
Maryland
48.8%
Albania
48.5%
Canada
46%
Cobalt
44.7%
Argentina
37.2%
Neon
36.1%
Manganese
30.6%
Colombia
29.2%
Gallium
25.2%
Laos
22.2%
Indium
22%
Panama
19.7%
Scandium
18.3%
Gabon
16%
Mongolia
13.7%
Lanthanum
13.5%
Moldova
11.7%
Niger
9.8%
Mendelevium
8.8%
Malta
8.2%
Meitnerium
7.2%
Seychelles
6.2%
Protactinium
5.9%

You're not logged in!

Compare scores with friends on all Sporcle quizzes.
Join for Free
OR
Log In

You Might Also Like...

Show Comments

Extras

Top Quizzes Today


Score Distribution

Your Account Isn't Verified!

In order to create a playlist on Sporcle, you need to verify the email address you used during registration. Go to your Sporcle Settings to finish the process.

Report this User

Report this user for behavior that violates our Community Guidelines.

Details: